000 01155ngm a22003610a 4500
001 PT11498
003 AR-LpoUNG
005 20210201232311.0
007 co ||u|||uuuuu
008 191001s1999||||ag |||||||||||||||||spa d
040 _aAR-LpoUNG
_bspa
_cAR-LpoUNG
_eaacr
041 _aspa
044 _aag
082 0 _a912.198 2 59atla
245 1 0 _aAtlas de la República Argentina
250 _acorr. aum., 1ª reimpr.
260 _aBuenos Aires :
_bInstituto Geográfico Militar,
_c1999.
300 _ail., mapas
520 _aSumario: Lectura e interpretación de mapas, cartas e imágenes satelitarias; Glosario; Países del mundo; Planisferio - político y husos horarios; Continente Americano; Contiente Antártico; Mercosur; República Argentina; Ciudad de Buenos Aires; Provincias.
650 4 _aARGENTINA
650 4 _aCARTOGRAFIA
650 4 _aCLIMA
650 4 _aEDUCACION
650 4 _aEXPORTACIONES
650 4 _aGEOGRAFIA
650 4 _aINDUSTRIA
650 4 _aMAPAS
650 4 _aPOBLACION
651 4 _aArgentina
710 2 _aInstituto Geográfico Militar (Buenos Aires)
905 _a11498
942 _cCDDVD
999 _c53287
_d53287